| 000 | 00772nam a2200229 a 4500 | ||
|---|---|---|---|
| 001 | 74285 | ||
| 003 | BD-RjUL | ||
| 005 | 20211209082530.0 | ||
| 008 | 180527s2017 bg ||||| |||| 00| 0 ben d | ||
| 020 |
_a9789843420992 _cTk.150.00 |
||
| 035 | _a(BD-RjUL)74503 | ||
| 040 |
_aBD-RjUL _beng _cBD-RjUL |
||
| 041 | _aben | ||
| 082 |
_223 _a891.44109 _bMOP 2017 |
||
| 100 |
_aমোহান্ত, গৌরাঙ্গ _9221105 |
||
| 245 |
_aপ্রমগ্ন কবিতাবলী / _cগৌরাঙ্গ মোহান্ত |
||
| 260 |
_aঢাকা : _bনতুনধারা , _c২০১৭ |
||
| 300 |
_a৬২ পৃ. ; _c২২ সেমি. |
||
| 650 |
_aবাংলা কবিতা _9221486 |
||
| 650 |
_aBengali Poetry _9221487 |
||
| 942 |
_2ddc _cBK |
||
| 999 |
_c74285 _d74285 |
||